| 000 | 00532nam a2200169 4500 | ||
|---|---|---|---|
| 001 | 108298 | ||
| 003 | ES-MaACL | ||
| 005 | 20230906184622.0 | ||
| 007 | t| | ||
| 008 | 061121s1947 mx r ||||1| spa d | ||
| 100 | 1 |
_aMonterde, Francisco. _982467 |
|
| 245 | 1 | 0 |
_aChapultepec / _cFrancisco Monterde; poema con una nota preliminar del Doctor Gabriel Méndez Plancarte. |
| 260 |
_aMéxico : _bAbside, _c1947. |
||
| 300 |
_a35 p. ; _c22 cm. |
||
| 700 | 1 |
_aMéndez Plancarte, Gabriel. _980171 |
|
| 852 |
_aES-MaACL _j1883-F-14 _bR.25809 |
||
| 999 |
_c108298 _d108298 |
||